Statistiques concernant Top 10 du Giro depuis 2010

Cliquez ici pour prendre le quiz!

Statistiques générales

  • Ce quiz a été pris 52 fois
  • Le résultat moyen est 93 sur 140

Statistiques - réponses

AnnéeClassementCyclisteTeamnationalité% Correct
20181Christopher FroomeTeam SkyGrande-Bretagne
100%
4Thibaut PinotFDJFrance
100%
5Thibaut PinotGroupama-FDJFrance
100%
2Vincenzo NibaliBahrain-MeridaItalie
100%
3Vincenzo NibaliLiquigas-DoimoItalie
100%
20161Vincenzo NibaliAstana Pro TeamItalie
100%
7Vincenzo NibaliTrek-SegafredoItalie
100%
20131Vincenzo NibaliAstana-Premier TechItalie
100%
3Vincenzo NibaliBahrain-MeridaItalie
100%
2Vincenzo NibaliLiquigas-CannondaleItalie
100%
4Vincenzo NibaliAstana QazaqstanItalie
100%
20151Alberto ContadorTinkoff-SaxoEspagne
95%
9Adam YatesOrica-ScottGrande-Bretagne
93%
20141Nairo QuintanaMovistar TeamColombie
93%
2Nairo QuintanaMovistar TeamColombie
93%
3Primoz RoglicJumbo-VismaSlovénie
93%
20231Primoz RoglicJumbo-VismaSlovénie
93%
8Simon YatesMitchelton-ScottGrande-Bretagne
93%
3Simon YatesTeam BikeExchangeGrande-Bretagne
93%
10Dan MartinIsrael Start-Up NationIrlande
91%
20211Egan BernalIneos GrenadiersColombie
91%
2Geraint ThomasIneos GrenadiersGrande-Bretagne
91%
20191Richard CarapazMovistar TeamÉquateur
91%
2Richard CarapazIneos GrenadiersÉquateur
91%
4Richard CarapazMovistar TeamÉquateur
91%
7Romain BardetTeam DSMFrance
91%
20221Jai HindleyBora-HansgroheAustralie
88%
2Jai HindleyTeam SunwebAustralie
88%
3Mikel LandaBahrain VictoriousEspagne
88%
4Mikel LandaMovistar TeamEspagne
88%
3Mikel LandaAstana-Premier TechEspagne
88%
3Alejandro ValverdeMovistar TeamEspagne
86%
10Juan Pedro LopezTrek-SegafredoEspagne
86%
3Miguel Angel LopezAstana Pro TeamColombie
86%
7Miguel Angel LopezAstana-Premier TechColombie
86%
6Rafal MajkaTinkoff-SaxoPologne
86%
5Rafal MajkaTinkoffPologne
86%
7Rafal MajkaTeam Saxo Bank-Tinkoff BankPologne
86%
6Rafal MajkaBora-HansgrohePologne
86%
2Rigoberto UranTeam SkyColombie
86%
2Rigoberto UranOmega Pharma-Quick StepColombie
86%
7Rigoberto UranCannondale-DrapacColombie
86%
7Rigoberto UranTeam SkyColombie
86%
3Fabio AruAstana-Premier TechItalie
84%
2Fabio AruAstana-Premier TechItalie
84%
4João AlmeidaDeceuninck-Quick-StepPortugal
84%
3João AlmeidaUAE Team EmiratesPortugal
84%
6João AlmeidaDeceuninck-Quick-StepPortugal
84%
2Tom DumoulinTeam SunwebPays-Bas
84%
20171Tom DumoulinTeam SunwebPays-Bas
84%
7Bauke MollemaTrek-SegafredoPays-Bas
79%
5Bauke MollemaTrek-SegafredoPays-Bas
79%
5Pello BilbaoBahrain VictoriousEspagne
79%
6Pello BilbaoAstana Pro TeamEspagne
79%
5Pello BilbaoBahrain McLarenEspagne
79%
3Cadel EvansBMC Racing TeamAustralie
77%
8Cadel EvansBMC Racing TeamAustralie
77%
5Cadel EvansBMC Racing TeamAustralie
77%
4Joaquim RodriguezKatusha-AlpecinEspagne
77%
2Joaquim RodriguezKatusha-AlpecinEspagne
77%
4Pierre RollandEuropcarFrance
77%
5Domenico PozzovivoBahrain-MeridaItalie
74%
8Domenico PozzovivoIntermarché-Wanty GobertItalie
74%
6Domenico PozzovivoAG2R La MondialeItalie
74%
8Domenico PozzovivoColnago-CSFItalie
74%
5Domenico PozzovivoAG2R La MondialeItalie
74%
10Domenico PozzovivoAG2R La MondialeItalie
74%
6Bob JungelsEtixx-Quick StepLuxembourg
72%
8Bob JungelsQuick-Step FloorsLuxembourg
72%
4Damiano CarusoBahrain VictoriousItalie
72%
2Damiano CarusoBahrain VictoriousItalie
72%
8Damiano CarusoBMC Racing TeamItalie
72%
7Emanuel BuchmannBora-HansgroheAllemagne
72%
5Ilnur ZakarinKatusha-AlpecinRussie
72%
10Ilnur ZakarinKatusha-AlpecinRussie
72%
5Ryder HesjedalCannondale-GarminCanada
72%
9Ryder HesjedalGarmin-SharpCanada
72%
20121Ryder HesjedalGarmin-SharpCanada
72%
5Daniel Felipe MartinezIneos GrenadiersColombie
70%
6Jakob FuglsangAstana-Premier TechDanemark
70%
9Pavel SivakovIneos GrenadiersFrance
70%
20201Tao Geoghegan HartIneos GrenadiersGrande-Bretagne
70%
8Andrey AmadorMovistar TeamCosta Rica
67%
4Andrey AmadorMovistar TeamCosta Rica
67%
4Aleksandr VlasovAstana-Premier TechRussie
65%
7Wilco KeldermanBelkinPays-Bas
65%
3Wilco KeldermanTeam SunwebPays-Bas
65%
20101Ivan BassoLiquigas-DoimoItalie
63%
5Ivan BassoLiquigas-CannondaleItalie
63%
4Steven KruijswijkLotto.nl-JumboPays-Bas
63%
8Steven KruijswijkRabobankPays-Bas
63%
7Steven KruijswijkLotto.nl-JumboPays-Bas
63%
8George BennettLotto.nl-JumboNouvelle-Zélande
60%
6Thymen ArensmanIneos GrenadiersPays-Bas
60%
6Alexandre VinokourovAstana-Premier TechKazakstan
58%
8Patrick KonradBora-HansgroheAutriche
58%
7Patrick KonradBora-HansgroheAutriche
58%
7Richie PorteTeam Saxo Bank-Tinkoff BankAustralie
58%
6Damiano CunegoLampre-ISDItalie
56%
2Esteban ChavesOrica-ScottColombie
53%
5Roman KreuzigerAstana-Premier TechRépublique Tchèque
53%
3John GadretAG2R La MondialeFrance
51%
10Laurens De PlusIneos GrenadiersBelgique
51%
8Andreas LeknessundTeam DSMNorvège
49%
9Hugh CarthyEF Education-Easy PostGrande-Bretagne
47%
8Hugh CarthyEF Education-NippoGreande-Bretagne
47%
6Jan HirtIntermarché-Wanty GobertRépublique Tchèque
47%
7Denis MenchovGeox-TMCRussie
44%
7Edward DunbarJayco AlUlaIrlande
44%
9Tobias FossJumbo-VismaNorvège
42%
6Leopold KonigTeam SkyRépublique Tchèque
40%
9Sergio HenaoTeam SkyColombie
40%
5Carlos BetancurAG2R La MondialeColombie
37%
9Fausto MasnadaDeceuninck-Quick-StepItalie
37%
9Lennard KamnaBora-HansgroheAllemagne
37%
20111Michele ScarponiLampre-ISDItalie
37%
4Michele ScarponiLampre-MeridaItalie
37%
4Michele ScarponiAndroni GiocattoliItalie
37%
4Michele ScarponiLampre-ISDItalie
37%
3Thomas De GendtVacansoleil-DCMBelgique
35%
9Alexandre GeniezFDJFrance
33%
10Davide FormoloCannondale-DrapacItalie
33%
10Davide FormoloBora-HansgroheItalie
33%
8Carlos SastreEliteEspagne
30%
10Hermann PernsteinerBahrain McLarenAutriche
30%
10Mikel NieveEuskaltel - EuskadiEspagne
30%
10Mikel NieveEuskaltel-EuskadiEspagne
30%
9Kanstantsin SiutsouHTC-HighroadBielorussie
26%
10Kanstantsin SiutsouTeam Dimension DataBielorussie
26%
9Sam OomenTeam SunwebPays-Bas
21%
9John Darwin AtapumaBMC Racing TeamColombie
19%
6Przemyslav NiemiecLampre-MeridaPologne
16%
10Robert KiserlovskiLiquigas-DoimoCroatie
16%
10Robert KiserlovskiTrek-SegafredoCroatie
16%
6José Humberto RujanoAndroni GiocattoliVénézuela
14%
10Yuri TrofimovKatusha-AlpecinRussie
14%
8Benat IntxaustiMovistar TeamEspagne
12%
2David ArroyoCaisse d'EpargneEspagne
7%
9Mauro SantambrogioVini FantiniItalie
5%
9Marco PinottiTeam ColumbiaItalie
2%

Distribution des résultats

Percentile par nombre de réponses

% des personnes avec chaque résultat

Votre développement - résultats

Vous n’avez pas pris ce quiz